| 000 | 01605nam a2200241 a 4500 | ||
|---|---|---|---|
| 001 | BS0002724 | ||
| 003 | BR-BrBNA | ||
| 005 | 20230418192118.0 | ||
| 008 | 230308b |||||||| |||| 00| 0 por d | ||
| 040 |
_aBR-BrBNA _bpor _cBiblioteca Nacional de Agricultura |
||
| 041 | _apor | ||
| 072 | _aB60 | ||
| 090 | _aB60 BS0002724 | ||
| 100 | 1 | _aAmaral, Maria Adelaide | |
| 245 | 1 | _aMademoiselle Chanel / | |
| 260 | 3 |
_aSão Paulo, SP: _bGlobo, _c2004. |
|
| 300 | _a111 p. | ||
| 520 | 3 | _aGabrielle Chanel (1883-1971)foi, sem dúvida, uma das mulheres mais importantes do século 20. Revolucionária e moderna no seu estilo de vida, foi antes de mais nada inovadora e pioneira da sua libertação do corpo da mulher, e no seu conceito de conforto, sensualidade e luxo considerado até hoje base indiscutível do guarda-roupa feminino moderno. Dona de um estilo inconfundível, sua famosa frase "A moda passa, mas o estilo permanece!", define muito bem aquilo que será a base de um dos empreendimentos mais bem sucedidos da história empresarial. De origem humilde, Gabrielle Chanel construiu um verdadeiro império de moda, acessórios, perfumes, cosméticos, bijuterias e joalherias. Maria Adelaide Amaral soubre retratar com maestria e muito carinho esta mulher excepcional. É fundamental que se conheça um pouco da alma de Gabrielle Chanel, e suas paixões, de usas convicções e de seus gostos para entender o significado das palavras "estilo", "moda", "vanguarda" e "criativade". | |
| 650 | _aBIOGRAFIA | ||
| 650 | _aLITERATURA BRASILEIRA | ||
| 909 |
_a202304 _bSergio Santos _c56 _dSergio Santos |
||
| 942 | _cBK | ||
| 999 |
_c7782 _d7782 |
||